000 00527cam a2200205ua 4500
001 8969
005 20260515114417.0
008 150219n ii |||gr||||Z||||||asm
040 _cMAIN
041 _aasm
082 _a891.451
100 _aBormudoi, A.,
_eAuthor.
245 1 _aAdhunikatabador pora uttar adhunikataloi
_cBY Ananda Bormudoi
250 _a1st.
260 _aGuwahati:
_bAnanya,
_c2001.
300 _a150p.
653 _aEast Indo-European & Celtic literatures
653 _aAssamese literature
942 _cBK
999 _c8056
_d8056